Vista normal Vista MARC

Entrada Materia (personas)

Número de registros utilizados en: 5

001 - CONTROL NUMBER

  • control field: 119894

003 - CONTROL NUMBER IDENTIFIER

  • control field: Co-BoUCM

005 - DATE AND TIME OF LATEST TRANSACTION

  • control field: 20211020091537.0

008 - FIXED-LENGTH DATA ELEMENTS

  • fixed length control field: 211020|| aca||aabn | a|a d

040 ## - CATALOGING SOURCE

  • Original cataloging agency: Co-BoUCM
  • Transcribing agency: Co-BoUCM

100 ## - HEADING--PERSONAL NAME

  • Personal name: Manguel, Alberto
  • Dates associated with a name: 1948-

670 ## - SOURCE DATA FOUND

  • Source citation: Work cat.: (Co-BoUCM)24226: Manguel, Alberto 1948-, Guía de lugares imaginarios, 1992